000 00305nam a22001337a 4500
008 221118b ||||| |||| 00| 0 eng d
041 _aeng
080 _2VOLUME 1
_a101
082 _a101ROH
100 _a44.1
101 _aFILO
245 _aA SYSTEM OF NATURAL PHILOSOPHY
_cROHAULT J
942 _2udc
_cBK
999 _c58958
_d58958